000 00620cam a22002531 4500
001 sa 65002610
003 DLC
005 20260227112117.0
008 940603s1963 pk 000 1 urdo
010 _asa 65002610
025 _aPL480:P-U-836
035 _a(OCoLC)30542827
040 _aDLC
_cCU
_dCU
_dDLC
041 1 _aurd
_heng
042 _apremarc
050 0 0 _aPR6001.L45
_bT96
100 1 _aAli, Ahmed,
_d1910-1994.
240 1 0 _aTwilight in Delhi.
_lUrdu.
245 1 0 _aDillī kī shām.
260 _c[1963]
300 _a604 p.
_c19 cm.
500 _aIn Urdu.
500 _aText partially vocalized.
999 _c62719
_d62719